|
|
|
|
| LEADER |
00000cam a2200000 a 4500 |
| 001 |
vtls001060673 |
| 003 |
SK-MaSNL |
| 005 |
20260301000014.0 |
| 008 |
250414s1990 xo ao g 00001 cze |
| 015 |
|
|
|a SNBA1990/04
|
| 020 |
|
|
|a 8021500824
|q (viaz.)
|
| 035 |
|
|
|a SNK000003501
|
| 040 |
|
|
|a SNK
|b slo
|c SNK
|e AACR2
|
| 041 |
1 |
|
|a cze
|h slo
|
| 043 |
|
|
|a f------
|
| 044 |
|
|
|a xo
|c SK
|
| 072 |
|
7 |
|a 59
|x Zoológia
|2 konspekt
|
| 080 |
|
|
|a 591.5(6)
|2 1981
|
| 080 |
|
|
|a (6)
|2 2011
|
| 080 |
|
|
|a 502.2
|2 2011
|
| 100 |
1 |
|
|a Vágner, Josef,
|d 1928-2000
|4 aut
|9 255929
|
| 240 |
1 |
0 |
|a Lev nie je kráľom zvierat
|l Česky
|
| 245 |
1 |
0 |
|a Lev není králem zvířat
|c osef Vágner, Naďa Schneiderová ; fotografie Josef Vágner ; ilustroval Miroslav Cipár ; ze slovenského originálu přeložili Jiří Lukšín a Ivana Šeinerová
|
| 250 |
|
|
|a 1. české vyd.
|
| 260 |
|
|
|a Bratislava
|b Obzor
|c 1990
|e Martin
|f Tlačiarne SNP
|
| 300 |
|
|
|a 167 s.
|b fotogr., ilustr.
|c 23 cm
|
| 366 |
|
|
|e 30000 výtl.
|
| 500 |
|
|
|a Spoluvydavateľ Profil v Ostrave
|
| 650 |
0 |
7 |
|a divoké zvieratá
|2 SNKPH
|9 100706
|
| 650 |
0 |
7 |
|a príroda
|2 SNKPH
|9 3813
|
| 651 |
|
7 |
|a Afrika
|2 SNKPHgeo
|9 17012
|
| 655 |
|
7 |
|a cestopisné reportáže
|2 SNKPH
|9 70001
|
| 700 |
1 |
|
|a Schneiderová, Naďa
|4 aut
|9 276718
|
| 700 |
1 |
|
|a Lukšín, Jiří
|4 trl
|9 60540
|
| 700 |
1 |
|
|a Šeinerová, Ivana
|4 trl
|9 60541
|
| 700 |
1 |
|
|a Cipár, Miroslav,
|d 1935-2021
|4 ill
|9 111749
|
| 852 |
|
|
|a Slovenská národná knižnica
|
| 919 |
|
|
|a 80-215-0082-4
|
| 954 |
|
|
|a beletria pôvodná (slovenská)
|2 lita
|
| 954 |
|
|
|a beletria cudzojazyčná (svetová)
|2 lita
|
| 958 |
|
|
|a LX
|
| 958 |
|
|
|a TL
|
| 958 |
|
|
|a UP
|
| 968 |
|
|
|b SLO
|
| 999 |
|
|
|c 531788
|d 533718
|
| 952 |
|
|
|a SNK
|b SNK
|y PREZ
|7 0
|p 17A0998048
|o snkSC 76566
|i snkKSP 1923/90
|0 0
|1 0
|4 0
|d 2025-07-08
|l 0
|r 2026-02-23 12:10:43
|w 2026-02-23
|
| 952 |
|
|
|a SNK
|b SNK
|y VYP
|7 0
|p 17A1165839
|o snkSC 76566 D1
|i snkKSP 1924/90
|0 0
|1 0
|4 0
|d 2025-07-08
|l 0
|r 2026-02-23 12:10:43
|w 2026-02-23
|